000 00679nam a2200205Ia 4500
999 _c34512
_d34512
003 GCL
005 20240530102751.0
008 140319s9999 xx 000 0 ara d
040 _aGCL /
_cGCL
082 0 4 _a210/
_bم إ
100 1 _aعبدالله مبروك النجار
245 1 0 _aالانتماء فى ظل التشريع الاسلامى /
_cعبدالله مبروك النجار
260 _aالقاهرة :
_bالمؤسسة العربية الحديثة ،
_c1988
300 _a285 ص ؛
_c19 سم
490 _aاسلاميات
_v1
650 0 4 _aالاسلام
650 0 4 _aالشريعة الاسلامية
650 0 4 _aالقران
942 _2ddc
_cBK